Missing Word: Numbered TV Quiz Stats

Quiz Updated Oct 10, 2014

Challenge
Share
Tweet
Embed
Score 0/20 Timer 03:00
0 Plays Today
Show Missing Word % Correct
Beverly _____ 90210Hills
99.3%
Are You _____ Than a 5th Grader?Smarter
97.6%
That '70's _____Show
97.4%
3rd Rock from the _____Sun
94.5%
21 _____ StreetJump
93.9%
30 _____Rock
93.3%
2 _____ GirlsBroke
88.9%
8 Simple _____Rules
87.1%
7th ______Heaven
85%
48 _____Hours
81.4%
Show Missing Word % Correct
60 _____Minutes
79.1%
_____ 54, Where Are You?Car
70.1%
The $25,000 _____Pyramid
66.4%
_____ 66Route
66.1%
77 Sunset _____Strip
65.8%
_____ 911!Reno
60.1%
_____-12Adam
47.2%
_____ 222Room
43.4%
666 _____ AvenuePark
32.7%
_____ 1-8-7Detroit
7.9%

Today's Daily Dose

You're not logged in!

Compare scores with friends on all Sporcle quizzes.
Join for Free
OR
Log In

You Might Also Like...

Show Comments

Extras

Top Quizzes Today


Score Distribution

Your Account Isn't Verified!

In order to create a playlist on Sporcle, you need to verify the email address you used during registration. Go to your Sporcle Settings to finish the process.

Report this User

Report this user for behavior that violates our Community Guidelines.

Details: